000 00210nam a22000857a 4500
008 161129b xxu||||| |||| 00| 0 eng d
100 _91545
_aKhan.n
245 _aThe city of statues
260 _aNew delhi
_bNCERT
_c1987
999 _c4277
_d4277